Statistics for New Zealand Cricket - 200 or more test wickets

Click here to take the quiz!

General Stats

  • This quiz has been taken 161 times
    (116 since last reset)
  • The average score is 6 of 7

Answer Stats

WicketsYears ActivePlayer% Correct
3611997-2014Daniel Vettori
97%
2702008-PresentTim Southee
97%
4311973-1990Richard Hadlee
96%
2562011-PresentTrent Boult
95%
2002012-PresentNeil Wagner
81%
2181989-2004Chris Cairns
76%
2332000-2013Chris Martin
71%

Score Distribution

Percentile by Number Answered

Percent of People with Each Score

Your Score History

You have not taken this quiz since the last reset